000 00737nam a2200253Ia 4500
005 20250425162400.0
008 250425s9999 xx 000 0 und d
020 _a9789978340288
041 _aspa
043 _aec
082 _a986.6
100 _aCORDERO INIGUEZ, JUAN
245 0 _aCUENCA Y EL 10 DE AGOSTO DE 1809: BICENTENARIO
250 _a1A ED.
260 _aEcuador
_bUNIVERSIDAD ALFREDO PEREZ GUERRERO
_c2009
260 _aQUITO
300 _a431
500 _aBICENTENARIO , QUITO LUZ DE AMERICA, PRIMER GRITO DE LA INDEPENDENCIA 10 DE AGOSTO DE 1809-10 DE AGOSTO DEL 2009
650 _aCUENCA
650 _aQUITO-HISTORIA
710 _aUNIVERSIDAD ALFREDO PEREZ GUERRERO
942 _c01
010 _a67828
999 _c228098
_d228098